Indonesian Cities and Towns - Sudden Death - Statistics

General Stats
  • This quiz has been taken 170 times
  • The average score is 6 of 16
Answers on the Grid
Answers color-coded by a green-red scale on the quiz's grid according to % correct below.
Tegal
Tarakan
Miri
Tual
Timika
Sandakan
Dumai
Pante Makasar
Luwuk
Larantuka
Sungai Petani
Ngawi
Suai
Saumlaki
Pattani
Muara Bungo
Muara Teweh
Marawi
Makale
Wewak
Sibu
Bima
Butuan
Oksibil
Semporna
Yala
Buleleng
Kuantan
Tambolaka
Goroka
 
Answer Stats
Answer % Correct
It's located on Java, Indonesia Tegal
72%
It's located on Java, Indonesia Ngawi
60%
It's located on Lesser Sunda Islands, Indonesia Bima
58%
It's located on Bali, Indonesia Buleleng
57%
It's located on Kalimantan, Indonesia Tarakan
54%
It's located on Sumatra, Indonesia Dumai
49%
It's located on Western New Guinea, Indonesia Timika
49%
It's located on Sumatra, Indonesia Muara Bungo
36%
It's located on Sulawesi, Indonesia Luwuk
34%
It's located on Lesser Sunda Islands, Indonesia Larantuka
31%
It's located on Maluku, Indonesia Tual
25%
It's located on Kalimantan, Indonesia Muara Teweh
19%
It's located on Maluku, Indonesia Saumlaki
18%
It's located on Sulawesi, Indonesia Makale
16%
It's located on Lesser Sunda Islands, Indonesia Tambolaka
16%
It's located on Western New Guinea, Indonesia Oksibil
15%
No matching quizzes found
Score Distribution
Percent of People with Each Score
Percentile by Number Answered
Your Score History
You have not taken this quiz